MARC details
| 000 -CABECERA |
| campo de control de longitud fija |
01581nam a2200265Ka 4500 |
| 001 - NÚMERO DE CONTROL |
| campo de control |
000001583 |
| 005 - FECHA Y HORA DE LA ÚLTIMA TRANSACCIÓN |
| campo de control |
20200929145628.0 |
| 008 - DATOS DE LONGITUD FIJA--INFORMACIÓN GENERAL |
| campo de control de longitud fija |
090623s2002 dr ac 001 0 spa d |
| 020 ## - NÚMERO INTERNACIONAL ESTÁNDAR DEL LIBRO |
| Número Internacional Estándar del Libro |
844902269X |
| 020 ## - NÚMERO INTERNACIONAL ESTÁNDAR DEL LIBRO |
| Número Internacional Estándar del Libro |
9788449022692 |
| 040 ## - FUENTE DE LA CATALOGACIÓN |
| Centro catalogador/agencia de origen |
DO-SdBNP |
| Lengua de catalogación |
spa |
| Centro/agencia transcriptor |
BNPHU |
| 082 ## - NÚMERO DE LA CLASIFICACIÓN DECIMAL DEWEY |
| Número de clasificación |
302. 23 |
| Número de documento/Ítem |
P441m |
| 100 1# - ENTRADA PRINCIPAL--NOMBRE DE PERSONA |
| Nombre de persona |
Pericot I Canaleta, Jordi |
| 9 (RLIN) |
5189 |
| 245 10 - MENCIÓN DE TÍTULO |
| Título |
Mostrar para decir : |
| Resto del título |
la imagen en contexto / |
| Mención de responsabilidad, etc. |
Jordi Pericot I Canaleta ; prólogo Jordi Berrio. |
| 260 ## - PUBLICACIÓN, DISTRIBUCIÓN, ETC. |
| Lugar de publicación, distribución, etc. |
Barcelona : |
| Nombre del editor, distribuidor, etc. |
Universitat Auâtónoma de Barcelona. Servei de Publicacions ; |
| Lugar de publicación, distribución, etc. |
Valencia : |
| Nombre del editor, distribuidor, etc. |
Publicacions de la Universitat de Valencia, |
| Fecha de publicación, distribución, etc. |
2002 ; |
| Lugar de publicación, distribución, etc. |
Bellaterra : |
| Nombre del editor, distribuidor, etc. |
Universitat Pompeu Fabra ; |
| Lugar de publicación, distribución, etc. |
Castelló de la Plana : |
| Nombre del editor, distribuidor, etc. |
Universitat Jaume I. |
| 300 ## - DESCRIPCIÓN FÍSICA |
| Extensión |
212 p. : |
| Otras características físicas |
retrs. ; |
| Dimensiones |
25 cm. |
| 490 1# - MENCIÓN DE SERIE |
| Mención de serie |
Aldea global ; |
| Designación de volumen o secuencia |
13 |
| 500 ## - NOTA GENERAL |
| Nota general |
Incluye datos biográficos del autor |
| 505 2# - NOTA DE CONTENIDO CON FORMATO |
| Nota de contenido con formato |
Prólogo / Jordi Berrio -- Introducción -- Los componentes de una teoría semiótica -- El discurso audiovisual como macroacto comunitativo -- La construcción de un mundo posible -- Análisis pragmático de las expresiones audiovisuales -- Pragmática de las expresiones deícticas -- Las enunciaciones presupuestas -- El incumplimiento de las máximas -- Los actos de comunicación audiovisual -- La competencia comunicativa plena -- El cumplimiento de un acto inenunciativo -- Conclusión -- Bibliografía. |
| 650 #4 - PUNTO DE ACCESO ADICIONAL DE MATERIA--TÉRMINO DE MATERIA |
| Término de materia o nombre geográfico como elemento de entrada |
Comunicación visual |
| 9 (RLIN) |
5190 |
| 650 #4 - PUNTO DE ACCESO ADICIONAL DE MATERIA--TÉRMINO DE MATERIA |
| Término de materia o nombre geográfico como elemento de entrada |
Comunicación audiovisual |
| 9 (RLIN) |
5191 |
| 650 #4 - PUNTO DE ACCESO ADICIONAL DE MATERIA--TÉRMINO DE MATERIA |
| Término de materia o nombre geográfico como elemento de entrada |
Publicidad |
| Subdivisión general |
Aspectos psicológicos |
| 9 (RLIN) |
5192 |
| 700 1# - PUNTO DE ACCESO ADICIONAL--NOMBRE DE PERSONA |
| Nombre de persona |
Berrio, Jordi, |
| Término indicativo de función/relación |
pról. |
| 9 (RLIN) |
5193 |
| 830 #0 - PUNTO DE ACCESO ADICIONAL DE SERIE-TÍTULO UNIFORME |
| Título uniforme |
Aldea global ; |
| Número de parte o sección de la obra |
13 |
| 9 (RLIN) |
5194 |